Mary Anne and the secret in the attic / (Record no. 1029)

MARC details
000 -LEADER
fixed length control field 01045cam a22003253a 4500
005 - DATE AND TIME OF LATEST TRANSACTION
control field 20230815152301.0
020 ## - INTERNATIONAL STANDARD BOOK NUMBER
International Standard Book Number 9780590448017
020 ## - INTERNATIONAL STANDARD BOOK NUMBER
International Standard Book Number 9780590448017
020 ## - INTERNATIONAL STANDARD BOOK NUMBER
International Standard Book Number 0590448013
040 ## - CATALOGING SOURCE
Original cataloging agency ORL
Transcribing agency ORL
Modifying agency OHI
-- MUS
-- BTCTA
-- LPU
-- NZNSL
-- YDXCP
-- OCLCG
-- BAKER
-- DLC
Language of cataloging eng
050 00 - LIBRARY OF CONGRESS CALL NUMBER
Classification number PZ7.M3567585
082 ## - DEWEY DECIMAL CLASSIFICATION NUMBER
Classification number Fic
100 1# - MAIN ENTRY--PERSONAL NAME
Personal name Martin, Ann M.,
Dates associated with a name 1955-
245 10 - TITLE STATEMENT
Title Mary Anne and the secret in the attic /
Statement of responsibility, etc. Ann M. Martin.
260 ## - PUBLICATION, DISTRIBUTION, ETC.
Place of publication, distribution, etc. New York :
Name of publisher, distributor, etc. Scholastic,
Date of publication, distribution, etc. 1992.
300 ## - PHYSICAL DESCRIPTION
Extent 147 pages :
Dimensions 20 cm
490 0# - SERIES STATEMENT
Series statement Apple paperbacks
490 1# - SERIES STATEMENT
Series statement The Baby-sitters club mystery ;
Volume/sequential designation Book 5
500 ## - GENERAL NOTE
General note "An Apple paperback."
505 ## - FORMATTED CONTENTS NOTE
Formatted contents note R <br/>
520 ## - SUMMARY, ETC.
Summary, etc. Mary Anne discovers a secret about her past and now she's afraid of the future.
521 ## - TARGET AUDIENCE NOTE
Target audience note 690 <br/>
Source Lexile <br/>
521 ## - TARGET AUDIENCE NOTE
Target audience note R <br/>
Source Raz-Plus <br/>
655 #7 - INDEX TERM--GENRE/FORM
Genre/form data or focus term Young adult fiction.
Source of term lcsh
655 #7 - INDEX TERM--GENRE/FORM
Genre/form data or focus term Mystery fiction.
Source of term gsafd
906 ## - LOCAL DATA ELEMENT F, LDF (RLIN)
a 7
b cbc
c copycat
d 2
e ncip
f 20
g y-genrareb
942 ## - ADDED ENTRY ELEMENTS (KOHA)
Source of classification or shelving scheme Dewey Decimal Classification
Koha item type Books
Suppress in OPAC No
999 ## -
-- 1029
-- 1029
Holdings
Withdrawn status Lost status Source of classification or shelving scheme Damaged status Not for loan Collection Home library Current library Shelving location Date acquired Total Checkouts Full call number Barcode Date last seen Price effective from Koha item type
    Dewey Decimal Classification     Juvenile Fiction Footprints International School Library Network Toul Kork Campus Footprints International School Library Network Toul Kork Campus   07/18/2023   MAR Fic PZ7.M3567585 FISBK05207 04/23/2025 07/18/2023 Books